000 00620nam a2200193Ia 4500
005 20260114185808.0
008 008 260114s9999 xx 000 0 eng d
020 _a9781501338403
037 _aEBOOK
040 _aCRL
_beng
_cCRL
041 _aeng
_2eng
084 _qCRL
100 _aEwa Mazierska, Les Gillon and Tony Rigg
_9874504
245 0 _aPopular Music in the Post-Digital Age Politics, Economy, Culture and Technology
260 _bBloomsbury
_c2018
856 _uhttps://doi.org/10.5040/9781501338403?locatt=label:secondary_bloomsburyCollections
942 _cEBOOK
999 _c1473438
_d1473438